[Event "GER-chT U16"]
[Site "Verden an der Aller"]
[Date "2009.12.27"]
[Round "1.1"]
[White "Braun, Georg"]
[Black "Zarafat, Daniel"]
[Result "1-0"]
[WhiteElo "2023"]
[BlackElo "1831"]
[PlyCount "91"]
[EventDate "2009.12.27"]
[EventType "team-swiss"]
[EventRounds "7"]
[EventCountry "GER"]
[SourceTitle "EXT 2022"]
[Source "ChessBase"]
[SourceDate "2021.10.06"]
[SourceVersion "1"]
[SourceVersionDate "2021.10.06"]
[SourceQuality "1"]
[WhiteTeam "Bebenhausen U16"]
[BlackTeam "Nuernberg Noris Tarrasch U16"]
[WhiteTeamCountry "GER"]
[BlackTeamCountry "GER"]

1. e4 c5 2. Nf3 d6 3. d4 cxd4 4. Nxd4 Nf6 5. Nc3 a6 6. Bc4 e6 7. Bb3 Be7 8. g4 h6 9. Rg1 Nh7 10. f4 Nc6 11. Be3 Bh4+ 12. Kf1 Bd7 13. Qf3 Qf6 14. Rd1 Rd8 15. Kg2 b5 16. e5 Nxd4 17. Bxd4 Qg6 18. Ne4 Bc6 19. Nf6+ Nxf6 20. Qxc6+ Nd7 21. Bb6 d5 22. Bxd5 exd5 23. Qxg6 fxg6 24. Bxd8 Kxd8 25. Rxd5 Kc7 26. Rgd1 Rd8 27. e6 Nb6 28. Rc5+ Kb7 29. g5 Bxg5 30. Rxg5 Rxd1 31. e7 hxg5 32. e8Q gxf4 33. Qxg6 Rd2+ 34. Kg1 Rd1+ 35. Kg2 Rd2+ 36. Kh3 Rd7 37. Qe4+ Kc8 38. Qc6+ Rc7 39. Qxb6 Rxc2 40. Qxa6+ Kd8 41. Qd6+ Kc8 42. Qf8+ Kb7 43. Qxg7+ Ka8 44. Qf8+ Kb7 45. Qb4 Ka6 46. a4 1-0

[Event "Nuremberg LGA Cup 6th"]
[Site "Nuremberg"]
[Date "2009.09.05"]
[Round "4"]
[White "Zarafat, Daniel"]
[Black "Fiedler, Wolfgang"]
[Result "0-1"]
[WhiteElo "1833"]
[BlackElo "2075"]
[PlyCount "78"]
[EventDate "2009.09.03"]
[EventType "swiss"]
[EventRounds "7"]
[EventCountry "GER"]
[SourceTitle "CBM 132 Extra"]
[Source "ChessBase"]
[SourceDate "2009.11.03"]
[SourceVersion "1"]
[SourceVersionDate "2009.11.03"]
[SourceQuality "1"]

1. e4 g6 2. d4 Bg7 3. Nc3 d6 4. Nf3 b6 5. Bb5+ c6 6. Be2 Ba6 7. 0-0 Qc8 8. Be3 Bxe2 9. Qxe2 Na6 10. Rad1 Nc7 11. e5 d5 12. Nh4 Qa6 13. Qd2 e6 14. f4 f5 15. exf6 Bxf6 16. Nf3 Ne7 17. Ne5 Rd8 18. Rde1 0-0 19. Qd1 Qc8 20. g4 Ne8 21. Qe2 Ng7 22. Nf3 Ne8 23. Bf2 Nc7 24. Ne5 Rde8 25. h4 Bg7 26. Bg3 c5 27. dxc5 bxc5 28. Nb5 Bxe5 29. fxe5 Nxb5 30. Qxb5 a6 31. Qb6 Qc6 32. Qa5 d4 33. Qa3 Nd5 34. Re2 Rxf1+ 35. Kxf1 Ne3+ 36. Rxe3 dxe3 37. Qxe3 Rf8+ 38. Ke1 Qf3 39. Qg1 Rd8 0-1

[Event "Nuremberg LGA Cup 6th"]
[Site "Nuremberg"]
[Date "2009.09.03"]
[Round "1"]
[White "Kersten, Uwe"]
[Black "Zarafat, Daniel"]
[Result "1-0"]
[WhiteElo "2294"]
[BlackElo "1833"]
[PlyCount "53"]
[EventDate "2009.09.03"]
[EventType "swiss"]
[EventRounds "7"]
[EventCountry "GER"]
[SourceTitle "CBM 132 Extra"]
[Source "ChessBase"]
[SourceDate "2009.11.03"]
[SourceVersion "1"]
[SourceVersionDate "2009.11.03"]
[SourceQuality "1"]

1. d4 Nf6 2. c4 g6 3. Nc3 Bg7 4. e4 d6 5. f4 0-0 6. Nf3 c6 7. Bd3 Nh5 8. Be3 Qb6 9. Qd2 Bg4 10. Be2 Bxf3 11. Bxf3 Nf6 12. 0-0 Qc7 13. e5 Nfd7 14. Rae1 Nb6 15. b3 N8d7 16. Qf2 dxe5 17. fxe5 Nxe5 18. dxe5 Bxe5 19. Ne4 Bxh2+ 20. Kh1 Be5 21. Qh4 Bg7 22. Bh6 Nd7 23. Bxg7 Kxg7 24. Qxe7 Rae8 25. Qd6 Qd8 26. Qd4+ Kg8 27. Qxd7 1-0

[Event "Nuremberg LGA Cup 5th"]
[Site "Nuremberg"]
[Date "2008.09.07"]
[Round "7.61"]
[White "Vogiatzis, Dimitrios"]
[Black "Zarafat, Daniel"]
[Result "1-0"]
[WhiteElo "2030"]
[BlackElo "1813"]
[PlyCount "54"]
[EventDate "2008.09.04"]
[EventType "swiss"]
[EventRounds "7"]
[EventCountry "GER"]
[SourceTitle "EXT 2022"]
[Source "ChessBase"]
[SourceDate "2021.10.06"]
[SourceVersion "1"]
[SourceVersionDate "2021.10.06"]
[SourceQuality "1"]

1. e4 c5 2. b4 cxb4 3. a3 bxa3 4. Nxa3 d6 5. d4 Nf6 6. Bd3 Nc6 7. c3 e5 8. Ne2 Ne7 9. 0-0 Ng6 10. f4 exf4 11. Nxf4 Nxf4 12. Bxf4 Be7 13. e5 dxe5 14. dxe5 Qb6+ 15. Kh1 Ng4 16. Qf3 0-0 17. Nc4 Qc6 18. Qe2 Nh6 19. Nd6 Bxd6 20. exd6 Re8 21. Qc2 Ng4 22. Bxh7+ Kh8 23. Bd3 Be6 24. h3 Nf6 25. Qf2 Qxc3 26. Qh4+ Kg8 27. Qg3 Nh5 1-0

[Event "Nuremberg LGA Cup 5th"]
[Site "Nuremberg"]
[Date "2008.09.06"]
[Round "5.79"]
[White "Dreiseitel, Werner"]
[Black "Zarafat, Daniel"]
[Result "1/2-1/2"]
[WhiteElo "1365"]
[BlackElo "1813"]
[PlyCount "36"]
[EventDate "2008.09.04"]
[EventType "swiss"]
[EventRounds "7"]
[EventCountry "GER"]
[SourceTitle "EXT 2022"]
[Source "ChessBase"]
[SourceDate "2021.10.06"]
[SourceVersion "1"]
[SourceVersionDate "2021.10.06"]
[SourceQuality "1"]

1. d4 Nf6 2. c4 c5 3. d5 e6 4. Nc3 exd5 5. cxd5 d6 6. e4 a6 7. g3 Be7 8. Bg2 0-0 9. f4 Qc7 10. Nf3 Bg4 11. h3 Bxf3 12. Qxf3 Nbd7 13. 0-0 Rfe8 14. b3 b5 15. Bb2 Rac8 16. Rae1 Bf8 17. Nd1 Re7 18. Qd3 c4 1/2-1/2

[Event "Nuremberg LGA Cup 5th"]
[Site "Nuremberg"]
[Date "2008.09.05"]
[Round "2"]
[White "Zarafat, Daniel"]
[Black "Woerl, Richard"]
[Result "1-0"]
[WhiteElo "1813"]
[BlackElo "2061"]
[PlyCount "105"]
[EventDate "2008.09.04"]
[EventType "swiss"]
[EventRounds "7"]
[EventCountry "GER"]
[SourceTitle "CBM 126 Extra"]
[Source "ChessBase"]
[SourceDate "2008.11.05"]
[SourceVersion "1"]
[SourceVersionDate "2008.11.05"]
[SourceQuality "1"]

1. e4 c5 2. d4 cxd4 3. c3 d3 4. Bxd3 Nc6 5. Nf3 e5 6. 0-0 Nf6 7. Bg5 Be7 8. Na3 0-0 9. Nc4 d6 10. Ne3 Be6 11. Nh4 g6 12. g3 Kg7 13. Nhg2 Nd7 14. Bxe7 Nxe7 15. f4 f5 16. exf5 gxf5 17. Bc4 Nc5 18. Bxe6 Nxe6 19. Nc4 exf4 20. Nxf4 Nxf4 21. Qd4+ Rf6 22. Rxf4 b5 23. Ne3 Qb6 24. Qxb6 axb6 25. a3 Ra4 26. Rb4 f4 27. Rxf4 Raxf4 28. gxf4 Rxf4 29. Rd1 Re4 30. Kf2 Re6 31. Nd5 Nf5 32. Re1 Rh6 33. Kg2 Rg6+ 34. Kh3 Kh6 35. Nxb6 Ng7 36. Nd5 Ne6 37. Rf1 Ng5+ 38. Kg3 Ne4+ 39. Kf4 Nf6 40. Ne3 Nh5+ 41. Ke4 Re6+ 42. Kd4 Kg6 43. Rg1+ Kf6 44. Rf1+ Kg6 45. Rf5 Rxe3 46. Rxh5 Re2 47. Rxb5 Rxh2 48. Ke3 h5 49. Kf3 Rd2 50. c4 h4 51. Rd5 Rxd5 52. cxd5 Kg5 53. b4 1-0

[Event "Nuremberg LGA Cup 3rd"]
[Site "Nuremberg"]
[Date "2006.09.09"]
[Round "4.77"]
[White "Kenzel, Stephan"]
[Black "Zarafat, Daniel"]
[Result "0-1"]
[WhiteElo "1130"]
[BlackElo "1426"]
[PlyCount "56"]
[EventDate "2006.09.07"]
[EventType "swiss"]
[EventRounds "7"]
[EventCountry "GER"]
[SourceTitle "EXT 2022"]
[Source "ChessBase"]
[SourceDate "2021.10.06"]
[SourceVersion "1"]
[SourceVersionDate "2021.10.06"]
[SourceQuality "1"]

1. e4 c5 2. Nf3 e6 3. d4 cxd4 4. Nxd4 a6 5. Be2 Qc7 6. 0-0 Nf6 7. Nc3 Be7 8. Qd3 0-0 9. Re1 b5 10. a3 Bb7 11. b4 Nc6 12. Nxc6 dxc6 13. Bf3 Rad8 14. Qe3 e5 15. Ne2 c5 16. Rb1 cxb4 17. axb4 Qxc2 18. Rb2 Qc4 19. Bd2 Bxe4 20. Bxe4 Qxe4 21. Qg3 Rxd2 22. Rxd2 Bxb4 23. f3 Qe3+ 24. Kh1 Bxd2 25. Rf1 Qxe2 26. Qf2 Qxf2 27. Rxf2 Be3 28. Re2 Bd4 0-1

[Event "Nuremberg Zabo op 07th"]
[Site "Nuremberg"]
[Date "2005.09.24"]
[Round "3"]
[White "Walter, Florian"]
[Black "Zarafat, Daniel"]
[Result "1-0"]
[WhiteElo "1564"]
[BlackElo "1316"]
[PlyCount "117"]
[EventDate "2005.09.23"]
[EventType "swiss"]
[EventRounds "5"]
[EventCountry "GER"]
[SourceTitle "EXT 2012"]
[Source "ChessBase"]
[SourceDate "2011.11.24"]
[SourceVersion "1"]
[SourceVersionDate "2011.11.24"]
[SourceQuality "1"]

1. e4 c5 2. Nf3 Nc6 3. d4 cxd4 4. Nxd4 g6 5. Be3 Bg7 6. Nc3 Nf6 7. Qd2 0-0 8. h4 Qa5 9. Nb3 Qd8 10. Bh6 e6 11. Be2 Re8 12. Bxg7 Kxg7 13. h5 d5 14. hxg6 fxg6 15. exd5 exd5 16. 0-0-0 Be6 17. g4 Rh8 18. f3 Qb6 19. g5 Nh5 20. Rhg1 Rad8 21. f4 d4 22. Na4 Qb4 23. Qxb4 Nxb4 24. Bxh5 gxh5 25. Nxd4 Kf7 26. a3 Nc6 27. Nxe6 Rxd1+ 28. Rxd1 Kxe6 29. Nc5+ Kf5 30. Rf1 Nd4 31. Rf2 b6 32. Nd3 Re8 33. c3 Nb3+ 34. Kc2 Na1+ 35. Kb1 Nb3 36. Ka2 Nc5 37. Ne5 h4 38. Nf7 Re6 39. Nh6+ Ke4 40. f5 Rd6 41. Rh2 Rxh6 42. gxh6 Kxf5 43. b4 Nd3 44. Rxh4 Kg5 45. Rh3 Nf2 46. Rf3 Ng4 47. Rf7 Kxh6 48. Rxa7 Kg6 49. Ra6 h5 50. Rxb6+ Nf6 51. Re6 h4 52. a4 h3 53. a5 Kf5 54. Re2 Ne4 55. Kb3 Nd6 56. Rh2 Kg4 57. Rd2 Ne4 58. Re2 Kf3 59. Rxe4 1-0

[Event "Mittelfranken Mitte-ch 0405"]
[Site "Zirndorf"]
[Date "2005.??.??"]
[Round "4"]
[White "Zarafat, Daniel"]
[Black "Leis, Stefan"]
[Result "0-1"]
[WhiteElo "1079"]
[BlackElo "1233"]
[PlyCount "90"]
[EventDate "2005.01.02"]
[EventType "swiss"]
[EventRounds "7"]
[EventCountry "GER"]
[SourceTitle "EXT 2015"]
[Source "ChessBase"]
[SourceDate "2014.11.20"]
[SourceVersion "1"]
[SourceVersionDate "2014.11.20"]
[SourceQuality "1"]

1. e4 e5 2. Nf3 Nc6 3. Bc4 Bc5 4. Nc3 Nf6 5. d3 h6 6. Be3 Bxe3 7. fxe3 d6 8. Qd2 0-0 9. h3 Na5 10. Bb3 Nxb3 11. cxb3 Be6 12. d4 Re8 13. 0-0-0 c6 14. Rdg1 b5 15. dxe5 dxe5 16. Qxd8 Raxd8 17. Nxe5 b4 18. Ne2 Nxe4 19. Nxc6 Rc8 20. Rf1 Rxc6+ 21. Kd1 Rd8+ 22. Ke1 Rc2 23. Rf4 Rxe2+ 24. Kxe2 Ng3+ 25. Ke1 Nxh1 26. Rf3 Bd5 27. Rf4 Bxg2 28. Rg4 Bxh3 29. Rxb4 Rc8 30. Kd2 Bf5 31. e4 Be6 32. Rb7 g5 33. Rxa7 Rb8 34. a4 Bxb3 35. a5 Kg7 36. a6 Bc4 37. Kc3 Bxa6 38. Rxa6 g4 39. Ra1 Nf2 40. Rg1 Nxe4+ 41. Kd3 f5 42. Kc2 h5 43. Rf1 Kg6 44. Kd3 Rxb2 45. Ke3 Kg5 0-1